مقامرة على شرف الليدي ميتسي : (Record no. 31076)

MARC details
000 -الفاتح
حقل البيانات ثابتة الطول 01114nam a2200301 i 4500
003 - محدد رقم الضبط
رقم الضبط EG-ScBUE
005 - وقت وتاريخ اخر تعامل مع التسجيلة
رقم الضبط 20260203111018.0
008 - عناصر البيانات ثابتة الطول - معلومات عامة
حقل البيانات ثابتة الطول 210923s2023 ua f 000 f ara d
017 ## - رقم الإيداع القانونى
رقم الإيداع القانونى 2022 / 25304
020 ## - الرقم الدولى المعيارى للكتب
الرقم الدولى المعيارى للكتاب 9789778063240
040 ## - مصدر الفهرسة
وكالة الفهرسة الأصلية EG-ScBUE
لغة الفهرسة ara
قواعد الوصف rda
وكالة النسخ EG-ScBUE
وكالة التعديل EG-ScBUE
082 04 - رقم تصنيف ديوى العشرى
رقم التصنيف ‪892.746
رقم المادة م ر س
رقم الطبعة 22
100 1# - المدخل الرئيسى - إسم شخصى
الإسم الشخصى المرسي، أحمد،
الدور مؤلف.
245 10 - بيان العنوان
العنوان مقامرة على شرف الليدي ميتسي :
بقية العنوان رواية /
بيان المسئوليه,etc أحمد المرسي.
250 ## - بيان الطبعة
بيان الطبعة الطبعة العربية الأولى.
264 #1 - النشر، التوزيع
مكان الناشر او الموزع القاهرة :
اسم الناشر او الموزع دار دون للنشر والتوزيع،
تاريخ النشر أو التوزيع 2023.
300 ## - الوصف المادى
التعداد 350 صفحة ؛
أبعاد الوعاء 24 سم
336 ## - نوع المحتوى
source rdacontent
Carrier Type Term نص
Content Type Code txt
337 ## - نوع الوسيط
source rdamedia
Media Type Term بدون وسيط
Media Type Code n
338 ## - نوع الحامل أو الناقل
source rdacarrier
Carrier Type Term مجلد
Carrier Type Code nc
500 ## - تبصرة عامة
تبصرة عامة الجائزة العالمية للرواية العربية.
541 ## - تبصرة المصدر المباشر للتزويد
مصدر التزويد Book Fair 2026.
650 #7 - المدخل الاضافى بالموضوع-مصطلح موضوعى
مصطلح موضوعي أو اسم جغرافي كعنصر مدخل القصص العربية
التقسيم الفرعي الزمني قرن 21.
مصدر الرأس أو المصطلح BUEsh
650 #7 - المدخل الاضافى بالموضوع-مصطلح موضوعى
مصطلح موضوعي أو اسم جغرافي كعنصر مدخل الأدب العربي
التقسيم الفرعي الزمني قرن 21.
التقسيم الفرعي الشكلي BUEsh
653 ## - مصطلح تكشيفى غير مقيد
مصطلح غير مقيد BUEsh
Resource For college Arabic Literature
Arrived date list February2026
655 #7 - مصطلح تكشيفى-نوع/شكل
مصدر المصطلح BUEsh
التقسيم الفرعي الشكلي Reading book
942 ## - عناصر المدخل الإضافي( كوها)
مصدر التصنيف او مخطط الترفيف Dewey Decimal Classification
Holdings
حالة التراجع حالة الفقد مصدر التصنيف او خطة الترفيف حالة تلف ليس للاعارة مجموعات كوها المكان الدائم المكان الحالي موقع الترفيف تاريخ الاكتساب Source of acquisition تعداد مسلسل / التسلسل الزمني رقم الجرد رقم الاستدعاء الباركود Date last seen مُعار التكلفة نوع الوعاء
    Dewey Decimal Classification     دار دون Central Library Central Library Second Floor 03/02/2026 Purchase 248 00068 ‪892.746 م ر س 000057478 07/03/2026 07/02/2026 310.00 Book - Borrowing